Neljä Ruusua - studioalbumien kappaleet - Statistics

Yleistilastot
  • Tätä visaa on pelattu 70 kertaa
  • Keskiarvotulos 88 / 134
Vastaustilastot
Vastaus % Oikein
Hunningolla
91%
Seitsemän päivää selvinpäin
91%
Sininen sunnuntai
91%
Valuva taivas
91%
Esirippu
86%
Missä vaan
86%
Elän vain kerran
82%
Ensi-ilta
82%
Hyvää yötä
82%
Katkera kuu
82%
Luotsivene
82%
Matka on syvä
82%
Neljä ruusua
82%
Poplaulajan vapaapäivä
82%
Tie ajatuksiin
82%
Veri
82%
Ajelen
77%
Hyvää päivää
77%
Itkupilli
77%
Juppihippipunkkari
77%
Kauppakeskuskuolema
77%
Muisto
77%
Murhaaja
77%
Normcoreprotohipsteri
77%
Nuoli ja sydän
77%
Nuori ikäisekseen
77%
Öisellä rannalla
77%
Onnela
77%
Paikallinen paavi
77%
Pyhäinmiestenpäivä
77%
Soudat - Huopaat
77%
Sun täytyy mennä
77%
Tahdon
77%
Tiina tanssii taas
77%
Afrodisiaa
73%
Anarkiaa
73%
Bangkok
73%
Juovuksissa Lieksassa
73%
Kansankynttilät
73%
Kengät
73%
Kurjuuden kartano
73%
Luen
73%
Meidät viedään pois
73%
Meistä jokainen
73%
Nähdäänkö huomenna?
73%
Neuvostoliitto
73%
Olen niin pop
73%
Paskaläjä
73%
Peace & love
73%
Popstars
73%
Rakkauden erämaa
73%
Suikki
73%
Sukellus
73%
Tallinnan aallot
73%
Tyhjä pää
73%
Valopilkku
73%
Valot sammuu
73%
Viiden tähden metsä
73%
Viikatemies diilaa
73%
Aikakauden lehti
68%
Apostoli
68%
Elämä
68%
Ennen kuolemaa
68%
Hyvät ajat
68%
Idänprinsessa
68%
Kelaan
68%
Kuka näkee
68%
Maaninen
68%
Muovinen
68%
Musta pilvi
68%
Perinteet
68%
Teatteri
68%
Teinidepressio
68%
Toiset saa
68%
Varjo
68%
Varpaisiin
68%
Väsyttää
68%
Yhtyneet
68%
Yöelämää
68%
2011
64%
Aamen
64%
Chicagon tuulet
64%
Huonot tavat
64%
James
64%
Köyhärikas
64%
Maalaiset
64%
Olet seksikkäämpi, kuin mitä luulet
64%
Pelimies Welin
64%
Piikkilankaa
64%
Pullaa
64%
Sulje oveni (Close every door)
64%
Suuriksi syntyneet
64%
Tähtisilmä
64%
Toinen nainen
64%
Vaivaistalot
64%
Vallan alla
64%
En voi
59%
Gloria
59%
Ihmeellinen Ihminen
59%
Ikuinen laulu
59%
Missä sä oot
59%
Näkisitpä
59%
Sisko
59%
Tyttöni
59%
Viisastun salaa
59%
Voittajatyyppiä
59%
Whips zigs
59%
Yöjärvi
59%
Elämä on ihanaa
55%
Karkaan
55%
Koistine
55%
Paras
55%
Pelkkiä ystäviä
55%
Rakkauden varkaat
55%
Karttapallo
50%
Kasvamme
50%
Retkut
50%
Uusi aika
50%
Vihaan väkivaltaa
50%
Neidot odottaa
45%
Sitä lähemmäs
45%
Hei!
41%
Kun kaipaus iskee
41%
Luotan itseeni
41%
Ote muodin maailmasta
41%
Unikuvia
36%
Matkalla
32%
Tänä keväänä
32%
Vastaa!
32%
Kotomaa
23%
Sua rakastan
23%
Tuttua ja turvallista
23%
Beibi, sä oot mun
18%
Jos tahdot niin
18%
Ehtoja vastaavia visoja ei löytynyt
Tulosjakauma
Jokaisen tuloksen saaneiden osuus
Persentiili vastausten määrän mukaan
Tuloshistoriasi
Et ole pelannut tätä visaa